LEADER 01586nam a2200337 a 4500 001 000000158868 003 CaOOAMICUS 005 20170215105338.0 008 170215s2002 vc u000 u ita r 020 $a88-209-7268-9* 032 $aLibriCat 040 $aPUL$bita 082 04$a234 100 1 $aCaputa, Giovanni.$0(OLS)http://pul/name/77455 245 13$aIl sacerdozio dei fedeli secondo san Beda :$bun itinerario di maturitą cristiana /$cGiovanni Caputa ; presentazione di Achille Maria Triacca. 260 $aCittą del Vaticano :$bLibreria editrice vaticana,$c2002. 300 $aVII, 326 p. ;$c24 cm. 490 1 $aMonumenta studia instrumenta liturgica ;$v16 504 $aBibliografia in nota. 600 04$aBeda Venerabilis,$cs.,$d673-735.$0(OLS)http://pul/subject/13008 650 4$aSalvezza$xDottrine$xStoria.$0(OLS)http://pul/subject/28413 700 1 $aTriacca, Achille M.,$d1935-2002.$0(OLS)http://pul/name/59441 830 0$aMonumenta studia instrumenta liturgica ;$v16.$0(OLS)http://pul/title/67037 850 $aPUL 852 $aPUL$W1$xSL Religione 3$y85$m234 CAPGI 1$j182173$qDDC 21$B185360$CPULBib$Z2$F185360 $H128959 $81 941 1 $a9 996 $6020$a88-209-7268-9*$9(OLS)http://pul/number/162074 996 $6082$a234$9(OLS)http://pul/classification/573 996 $6245$aIl sacerdozio dei fedeli secondo san Beda :$bun itinerario di maturitą cristiana$9(OLS)http://pul/title/198473 996 $6260$aCittą del Vaticano :$bLibreria editrice vaticana$9(OLS)http://pul/publisher/47920 LEADER 01291nam a2200313 a 4500 001 000000126212 003 CaOOAMICUS 005 20110906152045.0 008 110906s2011 it u000 u ita r 020 $a978-88-7180-929-8 040 $aPUL$bita 082 04$a261.1 100 1 $aGherardini, Brunero,$csac.,$d1925-2017.$0(OLS)http://pul/name/4228 245 13$aLa Cattolica :$blineamenti d'ecclesiologia agostiniana /$cBrunero Gherardini. 260 $aTorino :$bLindau,$c2011. 300 $a200 p. ;$c21 cm. 490 1 $aI Pellicani 504 $aInclude riferimenti bibliografici in nota. 650 4$aCristianesimo e cultura.$0(OLS)http://pul/subject/18953 650 4$aEcclesiologia.$0(OLS)http://pul/subject/22628 830 2$aI Pellicani (Lindau).$0(OLS)http://pul/title/136966 850 $aPUL 852 $aPUL$W1$xSL Religione 3$y85$m261. 1 GHEBR 1$j145556$qDDC 21$B144425$CPULBib$Z2$F144425 $H117826 $82 941 1 $a9 996 $6020$a978-88-7180-929-8$9(OLS)http://pul/number/147892 996 $6082$a261.1$9(OLS)http://pul/classification/2061 996 $6245$aLa Cattolica :$blineamenti d'ecclesiologia agostiniana$9(OLS)http://pul/title/159370 996 $6260$aTorino :$bLindau$9(OLS)http://pul/publisher/70945